|
|
|
|
| LEADER |
00000nam0a2200000 4500 |
| 001 |
94687 |
| 005 |
20231101213950.0 |
| 010 |
|
|
|a 546900810X
|
| 035 |
|
|
|a (RuTPU)RU\TPU\book\101429
|
| 090 |
|
|
|a 94687
|
| 100 |
|
|
|a 20060414d2006 m y0rusy50 ca
|
| 101 |
0 |
|
|a rus
|
| 102 |
|
|
|a RU
|
| 105 |
|
|
|a a j 001zy
|
| 200 |
1 |
|
|a Инновационный менеджмент
|e учебник для вузов
|f Р. А. Фатхутдинов
|
| 205 |
|
|
|a 5-е изд., испр. и доп.
|
| 210 |
|
|
|a СПб.
|c Питер
|d 2006
|
| 215 |
|
|
|a 448 с.
|c ил.
|
| 225 |
1 |
|
|a Учебник для вузов
|
| 225 |
1 |
|
|a Издательская программа "300 лучших учебников для высшей школы в честь 300-летия Санкт-Петербурга"
|
| 225 |
1 |
|
|a Учебник для вузов
|
| 320 |
|
|
|a Библиогр.: с. 444-447.
|
| 330 |
|
|
|a В пятом издании учебника (первое вышло в 1998 г.) реализуется идея, что российскую экономику можно поднять только путем повышения ее конкурентоспособности на основе активизации инновационной деятельности. Инструментом такой активизации должен послужить перевод на новую систему подготовки специалистов — МЭТУК, интегрировавшую экономику, технику и управление и ориентированную на конкурентоспособность. Большое внимание уделено научным основам инновационного менеджмента, состоящим из экономических законов, МЭТУК и инструментов новой экономики. Рекомендуется Министерством образования РФ в качестве учебника для студентов вузов, обучающихся по экономическим и техническим специальностям. Предназначено также для специалистов и ученых по реинженирингу организаций.
|
| 451 |
|
1 |
|0 (RuTPU)RU\TPU\book\135734
|y 978-5-469-01658-8
|t Инновационный менеджмент
|o учебник для вузов
|f Р. А. Фатхутдинов
|e 6-е изд., испр. и доп.
|c СПб.
|n Питер
|d 2008
|p 448 с.
|a Фатхутдинов, Раис Ахметович
|
| 451 |
|
1 |
|0 (RuTPU)RU\TPU\book\63819
|y 5-94723-094-1
|t Инновационный менеджмент
|o учебник
|f Р. А. Фатхутдинов
|e 4-е изд., перераб. и доп.
|c СПб.
|n Питер
|d 2004
|p 400 с.
|s Издательская программа "300 лучших учебников для высшей школы в честь 300-летия Санкт-Петербурга"
|a Фатхутдинов, Раис Ахметович
|
| 606 |
1 |
|
|a Инновации
|2 stltpush
|3 (RuTPU)RU\TPU\subj\67423
|9 83236
|
| 610 |
1 |
|
|a экономика
|
| 610 |
1 |
|
|a инновации
|
| 610 |
1 |
|
|a управление
|
| 610 |
1 |
|
|a инновационный менеджмент
|
| 610 |
1 |
|
|a инновационная деятельность
|
| 610 |
1 |
|
|a научные основы
|
| 610 |
1 |
|
|a риски
|
| 610 |
1 |
|
|a методы
|
| 610 |
1 |
|
|a инновационная активность
|
| 610 |
1 |
|
|a повышение
|
| 610 |
1 |
|
|a инновационные стратегии
|
| 610 |
1 |
|
|a инновационные технологии
|
| 610 |
1 |
|
|a иновационные возможности
|
| 610 |
1 |
|
|a новшества
|
| 610 |
1 |
|
|a нововведения
|
| 610 |
1 |
|
|a НИОКР
|
| 610 |
1 |
|
|a проектирование
|
| 610 |
1 |
|
|a учебники
|
| 686 |
|
|
|a У9(2)0-551я73
|v LBC/SL-A
|2 rubbk
|
| 700 |
|
1 |
|a Фатхутдинов
|b Р. А.
|g Раис Ахметович
|
| 801 |
|
1 |
|a RU
|b 63413507
|c 20060414
|g PSBO
|
| 801 |
|
2 |
|a RU
|b 63413507
|c 20220530
|g PSBO
|
| 900 |
|
|
|a Менеджмент в социально-культурном сервисе и туризме
|
| 942 |
|
|
|c BK
|
| 959 |
|
|
|a 27/20060413
|d 3
|e 161,48
|f АНЛ:2
|f ЧЗГЛ:1
|
| 959 |
|
|
|a 60/20060705
|d 2
|e 133,00
|f АНЛ:1
|f ЧЗГЛ:1
|
| 959 |
|
|
|a 76/20060901
|d 1
|e 150,00
|f ЧЗГЛ:1
|